Score 0/20 Timer 06:00
0 Plays Today
% Correct
50 Cent feat. Nickelback
96.1%
They have no organs
95%
It's gonna be May
94.5%
She had Bad Blood
94.3%
They put on the salsa
94.2%
He was too close to The Edge
93.9%
She wanted to rock and roll
93.9%
AC|DC, because they're always current
93.8%
The Twist
93.1%
He knew his scales
93%
% Correct
Ba-Na-Na-Naaaaa
92.8%
Fiddler on the Hoof
92.6%
A Limp Bizkit
92.3%
I think it's a Dell
91.1%
She wanted to play by ear
90.6%
Fo'frizzel
90.6%
Never mind, it was too short
89.1%
You get back your wife, your dog, and your truck
89%
I think he needs Help
88.3%
Wok This Way
87%
Remove Ads.
Support Sporcle.
Get the best of Sporcle when you Go Orange. This ad-free experience offers more features, more stats, and more fun while also helping to support Sporcle. Thank you for becoming a member.

You're not logged in!

Compare scores with friends on all Sporcle quizzes.
OR
Log In

Show Comments

Extras

Top Quizzes Today


Score Distribution

Your Account Isn't Verified!

In order to create a playlist on Sporcle, you need to verify the email address you used during registration. Go to your Sporcle Settings to finish the process.

Report this User

Report this user for behavior that violates our Community Guidelines.

Details: